<?xml version="1.0" encoding="UTF-8"?>
<record
    xmlns:xsi="http://www.w3.org/2001/XMLSchema-instance"
    xsi:schemaLocation="http://www.loc.gov/MARC21/slim http://www.loc.gov/standards/marcxml/schema/MARC21slim.xsd"
    xmlns="http://www.loc.gov/MARC21/slim">

  <leader>01177njm a22002657a 4500</leader>
  <controlfield tag="005">20100908152936.0</controlfield>
  <controlfield tag="007">sd ammalaaahaa</controlfield>
  <controlfield tag="008">100908t        xxu||||| |||| 00| 0 hin d</controlfield>
  <datafield tag="028" ind1=" " ind2=" ">
    <subfield code="a">GE. 33588</subfield>
    <subfield code="b">Columbia</subfield>
  </datafield>
  <datafield tag="035" ind1=" " ind2=" ">
    <subfield code="a">GR-01405</subfield>
  </datafield>
  <datafield tag="040" ind1=" " ind2=" ">
    <subfield code="a">SED/VEN</subfield>
  </datafield>
  <datafield tag="100" ind1=" " ind2=" ">
    <subfield code="a">Mohamad Rafi</subfield>
    <subfield code="9">1184</subfield>
  </datafield>
  <datafield tag="245" ind1=" " ind2=" ">
    <subfield code="a">Rajkumar :</subfield>
    <subfield code="b">hindustani /</subfield>
    <subfield code="c">by  Mohamed Rafi &amp; Asha ; music by Shankar Jaikishan ; lyric by Hasrat Jaipuri</subfield>
  </datafield>
  <datafield tag="246" ind1=" " ind2=" ">
    <subfield code="a">&#x930;&#x93E;&#x91C;&#x915;&#x941;&#x92E;&#x93E;&#x930; ( &#x92E;&#x94B;&#x939;&#x92E;&#x926; &#x930;&#x92B;&#x93C;&#x940; &#x914;&#x930; &#x906;&#x936;&#x93E; )</subfield>
  </datafield>
  <datafield tag="260" ind1=" " ind2=" ">
    <subfield code="a">Dum Dum, India</subfield>
    <subfield code="b">Columbia</subfield>
    <subfield code="c">1964</subfield>
  </datafield>
  <datafield tag="300" ind1=" " ind2=" ">
    <subfield code="a">1 sound disc [Gramophone record] :</subfield>
    <subfield code="b">analog, 33. 1/3 rpm</subfield>
    <subfield code="c">10 in.</subfield>
    <subfield code="f">Gramophone record</subfield>
  </datafield>
  <datafield tag="500" ind1=" " ind2=" ">
    <subfield code="a">Brief record.</subfield>
  </datafield>
  <datafield tag="505" ind1=" " ind2=" ">
    <subfield code="a">Tumne  kisi ki jaan ko &#x924;&#x941;&#x92E;&#x928;&#x947; &#x915;&#x93F;&#x938;&#x940; &#x915;&#x940; &#x91C;&#x93E;&#x928; &#x915;&#x94B; (Mohamed Rafi) Part 1 ,Dilruba dil pe tu yha &#x926;&#x93F;&#x932;&#x930;&#x941;&#x92C;&#x93E; &#x926;&#x93F;&#x932; &#x92A;&#x947; &#x924;&#x942; &#x92F;&#x939;  ( Mohamed Rafi &amp; Asha) Part 2 </subfield>
    <subfield code="r">   </subfield>
  </datafield>
  <datafield tag="650" ind1=" " ind2=" ">
    <subfield code="a">Classical Music</subfield>
    <subfield code="x">Excerpts</subfield>
    <subfield code="z">India</subfield>
    <subfield code="9">18995</subfield>
  </datafield>
  <datafield tag="700" ind1=" " ind2=" ">
    <subfield code="a">Bhosle, Asha</subfield>
    <subfield code="9">18996</subfield>
  </datafield>
  <datafield tag="700" ind1=" " ind2=" ">
    <subfield code="a">Shankar Jaikishan</subfield>
    <subfield code="9">18997</subfield>
  </datafield>
  <datafield tag="700" ind1=" " ind2=" ">
    <subfield code="a">Hasrat Jaikishan</subfield>
    <subfield code="9">18998</subfield>
  </datafield>
  <datafield tag="942" ind1=" " ind2=" ">
    <subfield code="2">ddc</subfield>
    <subfield code="c">GR</subfield>
  </datafield>
  <datafield tag="999" ind1=" " ind2=" ">
    <subfield code="c">44598</subfield>
    <subfield code="d">44598</subfield>
  </datafield>
  <datafield tag="952" ind1=" " ind2=" ">
    <subfield code="0">0</subfield>
    <subfield code="1">0</subfield>
    <subfield code="2">ddc</subfield>
    <subfield code="4">0</subfield>
    <subfield code="7">1</subfield>
    <subfield code="a">L</subfield>
    <subfield code="b">L</subfield>
    <subfield code="d">2010-09-08</subfield>
    <subfield code="e">SED/VEN</subfield>
    <subfield code="l">0</subfield>
    <subfield code="p">GR-01405</subfield>
    <subfield code="r">2010-09-08 00:00:00</subfield>
    <subfield code="t">1</subfield>
    <subfield code="w">2010-09-08</subfield>
    <subfield code="y">GR</subfield>
  </datafield>
</record>
